| 000 | 00537nam a22001937a 4500 | ||
|---|---|---|---|
| 005 | 20251108172852.0 | ||
| 008 | 250721s2001 xx 000 0 ara d | ||
| 082 | 1 | 4 | _a922.1/سلا |
| 100 | 1 | _aسلامة، زياد أحمد | |
| 245 | 1 | 0 | _aالشيخ حسن البنا : سيرة فكرية / |
| 264 | 1 |
_aعمان : _bدار البيارق، _c2001. |
|
| 300 | _a274 ص. | ||
| 650 | 1 | 7 | _aالفقهاء |
| 650 | 1 | 7 | _aالمسلمون |
| 650 | 1 | 7 | _aالتراجم |
| 650 | 1 | 7 | _aالرجال |
| 942 |
_2ddc _cBK |
||
| 999 |
_c90499 _d90499 |
||